Discover Health / (Record no. 6504)
[ view plain ]
| 000 -LEADER | |
|---|---|
| fixed length control field | 00536cam a22002175i 4500 |
| 001 - CONTROL NUMBER | |
| JCCL Control Number | 6504 |
| 003 - CONTROL NUMBER IDENTIFIER | |
| JCCL marc code | BD-JhCC |
| 005 - DATE AND TIME OF LATEST TRANSACTION | |
| control field | 20191212134008.0 |
| 008 - FIXED-LENGTH DATA ELEMENTS--GENERAL INFORMATION | |
| fixed length control field | 140701s xxu 000 0 eng |
| 020 ## - INTERNATIONAL STANDARD BOOK NUMBER | |
| International Standard Book Number | 9781565335394 |
| 035 ## - SYSTEM CONTROL NUMBER | |
| system control number | (BD-JhCC)6504 |
| 040 ## - CATALOGING SOURCE | |
| Original cataloging agency | DLC |
| Transcribing agency | DLC |
| Description conventions | rda |
| Modifying agency | BD-JhCC |
| 041 ## - LANGUAGE CODE | |
| Language code of Book | eng |
| 082 ## - DEWEY DECIMAL CLASSIFICATION NUMBER | |
| Classification number | 613 |
| Author mark and Year | WOL 2000 |
| 100 ## - MAIN ENTRY--PERSONAL NAME | |
| Personal name | Wolkowitz, Amanda |
| 245 10 - TITLE STATEMENT | |
| Title | Discover Health / |
| Statement of responsibility, etc | Amanda Wolkowitz |
| 300 ## - PHYSICAL DESCRIPTION | |
| Pagination | 432 pages : |
| Other physical details | illustrations ; |
| Dimensions | 28 cm. |
| 650 ## - SUBJECT ADDED ENTRY--TOPICAL TERM | |
| Topical term or geographic name as entry element | Health |
| 942 ## - ADDED ENTRY ELEMENTS (KOHA) | |
| Source of classification or shelving scheme | Dewey Decimal Classification |
| Koha item type | Books |
| Koha issues (borrowed), all copies | 2 |
| Source of classification or shelving scheme | Damaged status | Not for loan | Home library | Current library | Shelving location | Total Checkouts | Full call number | Barcode | Date last seen | Date checked out | Copy number | Koha item type |
|---|---|---|---|---|---|---|---|---|---|---|---|---|
| Dewey Decimal Classification | JCC Rouf Library | JCC Rouf Library | General Stacks | 1 | 613 WOL 2000 | 8707 | 02/04/2020 | 12/11/2019 | C - 1 | Books |